00413nam a2200121Ia 4500082002300000100002200023245005900045260005400104300001000158440003900168650004600207650003800253 a614.54609548 BRU-; aBruin, Hanne M.de 0aLeprosy in south India stigma and strategies of coping aPondicherybInstitut Francais de Pondicheryc1996 a103p. aPondy paper in social sciences; 22 aLepers - Social conditions - India, South aLeprosy - Research - India, South